000
00423nam a22001097a 4500
082
_a
001
100
_a
Physics Wallah
_9
82597
245
_a
ऑल इन वन RRB NTPC गैर-तकनीकी लोकप्रिय श्रेणियां CBT-1 परीक्षा 2024-25
260
_a
दिल्ली
_b
Physics Wallah
_c
2025
650
_a
सामान्य ज्ञान
942
_c
C. BOOKS
999
_c
67234
_d
67234